000 00709nam a22002057a 4500
999 _c14970
_d14970
003 AR-CdUCM
008 190425b ||||| |||| 00| 0 spa d
020 _a978-607-618-587-2
040 _aMUNICIPALIDAD PROVINCIAL DEL CUSCO
_cBIBLIOTECA MUNICIPAL DEL CUSCO
082 _aPI / 803 /
_bA57
100 _aAndersen, Hans Christian
_912210
245 _aLa princesa y el guisante :
_by otros fabulosos cuentos /
260 _aMéxico :
_bSilver dolphin,
_c2015.
300 _a40 páginas ;
_bIlustraciones,
_c28 cm.
650 _aLiteratura infantil
_9588
650 _aCuento infantil
_93319
700 _aCaballero del Moral, Samantha (traducción)
_932774
942 _2ddc
_cLIBROS
945 _aacv
_d2019-04-25